[Event "AUS-ch U16"]
[White "Jiang, Vincent"]
[Black "Han, Eddie"]
[Site "Wahroonga"]
[Round "6"]
[Result "1-0"]
[Date "2014.01.16"]
[WhiteElo "1578"]
[BlackElo "1725"]
[PlyCount "179"]
[EventDate "2014.01.11"]
[EventType "swiss"]
[EventRounds "9"]
[EventCountry "AUS"]
[SourceTitle "EXT 2020"]
[Source "ChessBase"]
[SourceDate "2019.10.17"]
[SourceVersion "1"]
[SourceVersionDate "2019.10.17"]
[SourceQuality "1"]

1. e4 e6 2. d4 d5 3. Nd2 Nf6 4. e5 Nfd7 5. Bd3 c5 6. c3 Nc6 7. Ne2 Be7 8. 0-0 0-0 9. Nf3 cxd4 10. cxd4 Qb6 11. a3 a5 12. Re1 f6 13. exf6 Nxf6 14. Nf4 Nd8 15. Qe2 Bd6 16. Rb1 Rb8 17. Bd2 Ra8 18. Bc2 Qc7 19. Rbc1 Bxf4 20. Bxh7+ Nxh7 21. Rxc7 Bxc7 22. Qd3 Nc6 23. Nh4 Bd7 24. Rc1 Rac8 25. Be3 Ne7 26. Nf3 Nf5 27. Bd2 Nf6 28. Ne5 Bxe5 29. dxe5 Rxc1+ 30. Bxc1 Ne4 31. f3 Nc5 32. Qf1 b6 33. Kf2 Bc6 34. b4 axb4 35. axb4 Nd7 36. Bb2 Ra8 37. Qc1 Rc8 38. g4 Nh6 39. Qd2 Bb5 40. Kg3 Rc4 41. Bd4 Nf7 42. f4 Nd8 43. Qf2 Rxb4 44. Bxb6 Nc6 45. Bc5 Rc4 46. Bd6 g6 47. Kh4 d4 48. Kg5 d3 49. Kxg6 Ncxe5+ 50. fxe5 Rxg4+ 51. Kh5 Rg7 52. Qa2 Kf7 53. Qf2+ Kg8 54. Qd2 Bc4 55. Qf4 Bd5 56. Qd4 Bf3+ 57. Kh6 Be2 58. Qf2 Rh7+ 59. Kg6 Rg7+ 60. Kh6 Rh7+ 61. Kg5 Rf7 62. Qe3 Kg7 63. Kh4 Kh7 64. Qe4+ Kh6 65. Qe3+ Kg6 66. Bb4 Rf5 67. Bc3 Nf8 68. Bd2 Kf7 69. Qa7+ Kg8 70. Qg1+ Kf7 71. Qa7+ Kg8 72. Bc3 Ng6+ 73. Kg3 Rg5+ 74. Kf2 Rf5+ 75. Kg3 Rg5+ 76. Kf2 Rf5+ 77. Ke1 Nh4 78. Qg1+ Kh7 79. Qa7+ Kh6 80. Kd2 Nf3+ 81. Ke3 Nxe5 82. Bxe5 Rxe5+ 83. Kd2 Kg6 84. Qd4 Rf5 85. Qg1+ Kf6 86. Qd4+ e5 87. Qh4+ Rg5 88. Qf2+ Ke6 89. Qb6+ Kd5 90. Qd8+ 1-0